Central-Library-PUMHS

Online Public Access Catalogue

Welcome to PUMHS Central Library Nawabshah, SBA

Schneider's Introduction to Publics Health (Record no. 37874)

000 -LEADER
fixed length control field 00213nam a22000977a 4500
082 ## - DEWEY DECIMAL CLASSIFICATION NUMBER
Classification number 614 KRU
245 ## - TITLE STATEMENT
Title Schneider's Introduction to Publics Health
250 ## - EDITION STATEMENT
Edition statement 7th Ed
650 ## - SUBJECT ADDED ENTRY--TOPICAL TERM
Topical Term Publics Health
942 ## - ADDED ENTRY ELEMENTS (KOHA)
Koha item type Books
Holdings
Withdrawn status Lost status Permanent Location Current Location Shelving location Date acquired Source of acquisition Cost, normal purchase price Full call number Accession Number Koha item type
    Central Library New Campus PUMHS Nawabshah,(SBA) Central Library New Campus PUMHS Nawabshah,(SBA) Public Health Library 2026-03-04 M/S Allied Book Bill NO A 25050055 Date 13/5/2025 19239.75 614 KRU 41162 Ref Books

Copyright © 2018,The PUMHSW, Nawabshah, Shaheed Benazirabad. All rights reserved
Mr. Abdul Sattar Mahar (Chief Librarian) PUMHSW, Nawabshah, Sindh, Pakistan 67480.
Ph#: | 0244-9370425 Ext. 2241 Email| librarian@pumhs.edu.pk Web| http://www.pumhs.edu.pk
سنڌي ڪي بورڊ